Calendrier des fêtes chrétiennes (saints) - Statistiques

Statistiques générales
  • Ce quiz a été pris 2 612 fois
  • Le résultat moyen est 112 sur 366
Statistiques - réponses
Jour Fête/Saint(e) % Correct
1er janvier Jour de l'an
89%
25 décembre Noël/Emmanuel/Adam/Eugénie/Albert
82%
27 décembre Jean
81%
23 octobre Jean de Capistran
81%
8 mars Jean de Dieu
81%
29 juin Pierre/Paul
81%
21 novembre Présence de Marie/Amaury/Rufus
81%
25 janvier Conversion de Paul
76%
9 décembre Pierre Fourier
74%
3 mai Philippe/Jacques
73%
18 octobre Luc
71%
25 août Louis
70%
25 avril Marc
69%
4 octobre François d'Assise
68%
24 janvier François de Sales
68%
8 avril Julie
68%
29 septembre Michel/Gabriel/Raphaël
68%
25 juillet Jacques
65%
28 novembre Jacques de la Marche
65%
11 novembre Armistice 1918/Martin/Marine
64%
26 juillet Anne/Joachim
61%
3 juillet Thomas
60%
28 janvier Thomas d'Aquin
60%
5 juillet Antoine
59%
13 juin Antoine de Padoue
59%
6 décembre Nicolas
59%
19 mars Joseph
58%
13 décembre Lucie
58%
4 novembre Charles
57%
2 mars Charles le Bon
57%
31 décembre Sylvestre
57%
21 septembre Matthieu
56%
13 juillet Henri/Joël
55%
22 avril Alexandre
54%
30 novembre André
54%
19 avril Emma
54%
23 janvier Bernard
53%
12 avril Jules
53%
22 janvier Vincent
53%
27 septembre Vincent de Paul
53%
20 août Bernard
52%
24 mars | 25 novembre Catherine
52%
29 avril Catherine de Sienne
52%
14 juillet Fête nationale/Camille/Angeline
52%
21 octobre Céline
51%
21 août Christophe
51%
12 novembre Christian
50%
15 février Claude
50%
10 août Laurent
50%
15 mars Louise
50%
25 mai Sophie
50%
8 août Dominique
49%
10 janvier Guillaume
49%
20 janvier Sébastien
49%
19 mai Yves
49%
29 décembre David
48%
18 juillet Frédéric
48%
22 février Isabelle
48%
16 janvier Marcel
48%
14 février Valentin
48%
21 juillet Victor
48%
23 novembre Clément
47%
19 septembre Emilie
47%
9 mars Françoise
47%
22 mars Léa
47%
10 novembre Léon
47%
11 janvier Paulin(e)
47%
31 octobre Quentin
47%
28 avril Valérie
47%
24 juillet Christine
46%
9 octobre Denis
46%
18 mai Eric
46%
26 décembre Etienne
46%
23 avril Georges
46%
12 juillet Olivier
46%
17 mai Pascal
46%
30 avril Robert
46%
11 juillet Benoît
45%
17 mars Patrice
45%
26 septembre Côme/Damien
44%
18 août Hélène
44%
14 avril Maxime
44%
27 juillet Nathalie
44%
28 février Romain
44%
5 novembre Sylvie
44%
1er juillet Thierry
44%
4 février Véronique
44%
3 octobre Gérard
43%
30 juillet Juliette
43%
14 mars Mathilde
43%
19 octobre René
43%
15 octobre Thérèse d'Avila
43%
1er octobre Thérèse de l'Enfant Jésus
43%
17 juillet Charlotte
42%
11 décembre Daniel
42%
1er juin Justin
42%
8 janvier Lucien
42%
30 janvier Martine
42%
23 septembre Automne/Constant/Solène/Line
41%
22 mai Emile
41%
3 juin Kévin
41%
9 septembre Alain
40%
11 août Claire
40%
30 septembre Jérôme
40%
23 août Rose de Lima
40%
21 mars Clémence
39%
17 novembre Elisabeth
39%
4 juillet Florent
39%
27 août Monique
39%
15 janvier Rémi
39%
23 mai Didier
38%
1er décembre Florence
38%
1er septembre Gilles
38%
2 août Julien Eymard
38%
1er mai Travail/Jérémie
38%
15 novembre Albert
37%
16 décembre Alice
37%
22 novembre Cécile
37%
3 janvier Geneviève
37%
20 juillet Marine
37%
30 décembre Roger
37%
4 mai Sylvain
37%
17 février Alexis
36%
23 juillet Brigitte
36%
6 octobre Bruno
36%
3 septembre Grégoire
36%
12 juin Guy
36%
1er avril Hugues
36%
2 avril Sandrine
36%
1er novembre Toussaint/Harold/Mathurin
36%
13 janvier Yvette
36%
27 mai | 28 août Augustin
35%
28 décembre Innocents/Gaspard/Jasper
35%
16 novembre Marguerite
35%
22 septembre Maurice
35%
26 janvier Paule
35%
7 janvier Raymond
35%
18 février Bernadette
34%
28 mai Germain
34%
8 février Jacqueline
34%
21 janvier Agnès
33%
29 février Auguste
33%
2 janvier Basile
33%
6 septembre Bertrand
33%
5 janvier Edouard
33%
24 juin Jean-Baptiste
33%
7 avril Jean-Baptiste de la Salle
33%
12 mars Justine
33%
8 juillet Thibault
33%
15 août Assomption
32%
15 mai Denise
32%
3 novembre Hubert
32%
9 novembre Théodore
32%
10 février Arnaud
31%
13 février Béatrice
31%
31 mars Benjamin
31%
22 août Fabrice
31%
7 octobre Serge
31%
24 décembre Adèle
30%
7 novembre Carine
30%
7 juin Gilbert
30%
17 juin Hervé
30%
6 janvier Mélaine/Epiphanie
30%
12 février Félix
29%
27 juin Fernand
29%
5 décembre Gérald
29%
14 octobre Juste
29%
31 janvier Marcelle
29%
20 décembre Théophile
29%
23 décembre Armand
28%
6 février Gaston
28%
14 décembre Odile
28%
5 février Agathe
27%
9 janvier Alix
27%
9 juillet Amandine
27%
22 octobre Elodie
27%
10 septembre Inès
27%
5 avril Irène
27%
3 avril Richard
27%
24 août Barthélémy
26%
29 juillet Marthe
26%
1er août Alphonse
25%
23 juin Audrey
25%
16 mars Bénédicte
25%
18 mars Cyrille
25%
26 novembre Delphine
25%
5 octobre Fleur
25%
20 mars Rameaux/Printemps/Herbert
25%
29 août Sabine
25%
19 décembre Urbain
25%
13 septembre Aimé
24%
27 janvier Angèle
24%
21 juin Eté/Rodolphe
24%
7 février Eugénie
24%
3 décembre François-Xavier
24%
17 décembre Gaël
24%
7 août Gaetan
24%
16 mai Honoré
24%
12 décembre Jeanne-Françoise de Chantal/Corentin
24%
14 mai Matthias
24%
18 avril Parfait
24%
7 juillet Raoul
24%
11 juin Barnabé
23%
2 juin Blandine
23%
4 juin Clotilde
23%
6 mars Colette
23%
11 mai Estelle
23%
30 mai Ferdinand
23%
19 février Gabin
23%
15 juin Germaine
23%
4 avril Isidore
23%
22 juin Alban
22%
3 février Blaise
22%
16 septembre Edith
22%
5 mai Judith
22%
22 juillet Marie-Madeleine
22%
14 janvier Nina
22%
20 avril Odette
22%
4 janvier Odilon
22%
15 septembre Roland
22%
25 février Roméo
22%
12 janvier Tatiana
22%
20 octobre Adeline
21%
9 août Amour
21%
11 octobre Firmin
21%
7 mai Gisèle
21%
28 mars Gontran
21%
19 janvier Marius
21%
5 mars Olive
21%
19 juin Romuald
21%
27 novembre Séverin
21%
26 mai Bérenger
20%
29 janvier Gildas
20%
16 février Julienne
20%
6 juin Norbert
20%
10 mars Vivien
20%
18 novembre Aude
19%
13 novembre Brice
19%
21 mai Constantin
19%
2 novembre Défunts/Victorin
19%
20 novembre Edmond
19%
10 octobre Ghislain
19%
10 mai Solange
19%
2 décembre Viviane
19%
2 mai Boris
18%
26 octobre Dimitri
18%
22 décembre Françoise-Xavière
18%
21 décembre Hiver
18%
31 juillet Ignace de Loyola
18%
4 août Jean-Marie Vianney
18%
28 octobre Jude
18%
4 septembre Rosalie
18%
27 avril Zita
18%
5 août Abel
17%
20 février Aimée
17%
9 février Apolline
17%
16 août Armel
17%
1er mars Aubin
17%
4 décembre Barbara
17%
12 août Clarisse
17%
15 juillet Donald
17%
7 mars Félicité
17%
24 novembre Flora
17%
27 février Honorine
17%
26 février Nestor
17%
15 décembre Ninon
17%
7 décembre Ambroise
16%
14 septembre Croix Glorieuse/Cyprien/Corneille
16%
9 juin Diane
16%
24 avril Fidèle
16%
10 avril Fulbert
16%
23 février Lazare
16%
6 avril Marcellin
16%
6 juillet Mariette
16%
8 juin Médard
16%
20 juin Silvère
16%
10 juillet Ulrich
16%
30 mars Amédée
15%
25 mars Annonciation
15%
6 novembre Bertille
15%
24 mai Donatien
15%
9 avril Gautier
15%
30 juin Martial
15%
9 mai Pacôme
15%
18 janvier Prisca
15%
13 mars Rodrigue
15%
17 janvier Roseline
15%
29 novembre Saturnin
15%
11 avril Stanislas
15%
21 avril Anselme
14%
31 août Aristide
14%
8 mai Armistice 1945/Désiré
14%
1er février Ella
14%
3 mars Guénolé
14%
3 août Lydie
14%
18 septembre Nadège
14%
26 août Natacha
14%
17 septembre Renaud
14%
13 mai Rolande
14%
11 mars Rosine
14%
23 mars Victorien
14%
12 octobre Wilfried
14%
12 mai Achille
13%
19 juillet Arsène
13%
30 août Fiacre
13%
24 octobre Florentin
13%
27 mars Habib
13%
5 juin Igor
13%
2 septembre Ingrid
13%
28 juin Irénée
13%
18 juin Léonce
13%
24 février Modeste
13%
11 février Notre Dame de Lourdes
13%
16 juillet Notre Dame du Mont Carmel
13%
2 février Présentation
13%
6 mai Prudence
13%
7 septembre Reine
13%
4 mars Casimir
12%
16 octobre Edwige
12%
14 juin Elisée
12%
27 octobre Emeline
12%
8 septembre Nativité
12%
10 décembre Romaric
12%
19 novembre Tanguy
12%
31 mai Visitation
12%
11 septembre Adelphe
11%
20 mai Bernardin
11%
18 décembre Gatien
11%
8 novembre Geoffroy
11%
13 août Hippolyte
11%
13 avril Ida
11%
8 décembre Immaculée Conception
11%
2 octobre Léger
11%
2 juillet Martinien
11%
25 juin Prosper
11%
5 septembre Raïssa
11%
13 octobre Géraud
10%
29 mars Gwladys
10%
10 juin Landry
10%
21 février Pierre-Damien
10%
28 juillet Samson
10%
14 novembre Sidoine
10%
24 septembre Thècle
10%
28 septembre Venceslas
10%
17 avril Anicet
9%
12 septembre Apollinaire
9%
29 mai Aymar
9%
30 octobre Bienvenu
9%
20 septembre Davy
9%
17 août Hyacinthe
9%
26 mars Larissa
9%
15 avril Paterne
9%
8 octobre Pélagie
9%
6 août Transfiguration
9%
26 juin Anthelme
8%
17 octobre Baudoin
8%
25 octobre Crépin
8%
14 août Evrard
8%
25 septembre Hermann
8%
19 août Jean-Eudes
8%
16 juin Jean-François Régis
8%
29 octobre Narcisse
8%
26 avril Alida
7%
16 avril Benoît-Joseph
7%
Aucun quiz correspondant
Distribution des résultats
% des personnes avec chaque résultat
Percentile par nombre de réponses
Votre historique - résultats
Vous n’avez pas pris ce quiz